000 01676nam0a2200421 4500
001 RU\NLR\BIBL_A\012184501
005 20200131165212.0
010 _a978-5-907220-21-8
_91000
021 _aRU
_bКН-П-19-097325
_9КН-П-19-7147
035 _a(NLR Aleph) 012184501
035 _a(RuMoRGB)010204910
090 _a12288136
_c12288136
100 _a20200123d2020 u y0rusy50 ca
101 0 _arus
102 _aRU
105 _aa|||z|||000fy
181 0 _ai
_baxxe
182 0 _an
200 1 _aЕва-пенетратор, или Оживители и умертвители
_e[рассказы]
_fАлександр Бренер
_g[рисунки Александра Бренера и Барбары Шурц]
203 _aТекст
_bвизуальный
_cнепосредственный
210 _aМосква
_cГородец-Флюид
_d2020 [т. е. 2019]
215 _a250, [1] с.
_cил.
_d18
225 1 _aКнижная полка Вадима Левенталя
300 _aСодержит нецензурную брань
300 _aФактическая дата выхода в свет - 2019
320 _aДр. кн. авт. на 2-й с. обл.
333 _a18+
517 1 _aОживители и умертвители
686 2 _aШ6(2=Р)6-4
700 1 _aБренер
_bА.
_f1957-
_gАлександр
702 1 _aБренер
_bА.
_f1957-
_gАлександр
_4440
702 1 _aШурц
_bБ.
_gБарбара
_4440
942 _cBOOK
980 _aNBR
980 _aNB